[Event "Bhilwara op"]
[Site "Bhilwara"]
[Date "2024.12.26"]
[Round "5"]
[White "Hardik, Shah"]
[Black "Goswami, Rakeshnath"]
[Result "1/2-1/2"]
[WhiteElo "1740"]
[BlackElo "1553"]
[PlyCount "106"]
[EventDate "2024.12.24"]
[EventType "swiss"]
[EventRounds "9"]
[EventCountry "IND"]
[SourceTitle "CB02_2025"]
[SourceDate "2025.01.08"]
[SourceVersion "1"]
[SourceVersionDate "2025.01.08"]
[SourceQuality "1"]

1. Nf3 d5 2. b3 c5 3. e3 Nf6 4. Bb2 Bg4 5. h3 Bh5 6. Be2 e6 7. d4 Nbd7 8. 0-0 Be7 9. Nbd2 0-0 10. c4 Rc8 11. Rc1 cxd4 12. Nxd4 Bxe2 13. Qxe2 Qa5 14. a3 dxc4 15. Nxc4 Qg5 16. b4 Ne4 17. Na5 Nd6 18. Rfd1 Nf6 19. Nf3 Qh6 20. Be5 Nfe4 21. Rxc8 Re8 22. Rd8 Rxd8 23. Nxb7 Rc8 24. Qc4 Nxb7 25. Qb5 Nbd6 26. Qd7 Nxf2 27. Rxd6 Nxh3+ 28. gxh3 Rc1+ 29. Kf2 Bxd6 30. Qxd6 Rc2+ 31. Nd2 Qh4+ 32. Ke2 h6 33. Bg3 Qc4+ 34. Kf3 Qa2 35. Qd8+ Kh7 36. Qd3+ Kg8 37. Ke2 Rc8 38. Be5 h5 39. Qb3 Rc2 40. Qd3 Rc8 41. h4 g6 42. Bf6 Qd5 43. Qxd5 exd5 44. Bd4 a6 45. a4 Kf8 46. Kd3 Ke7 47. Nb3 f6 48. Ke2 g5 49. Kf3 Rc2 50. b5 axb5 51. hxg5 bxa4 52. gxf6+ Kf7 53. Na1 Ke8 1/2-1/2